000 00970nam a22002177i 4500
003 URS
005 20220117094443.0
008 200207b ||||| |||| 00| 0 eng d
050 0 0 _aLG 996
_bM33 2018
100 1 _aTeona Landero Marcelino
245 1 0 _aAttributes and Management Capability of Social Studies Head Teachers of the District II of Quezon City/
_cTeona Landero Marcelino
260 1 _c2018
300 _axi, 113 leaves
_billustrations
_c28 cm
336 _2rdacontent
_atext
337 _2rdamedia
_aunmediated
338 _2rdacarrier
_avolume
502 _aGraduate Study Thesis
_bMAED in Educational Management
_cUniversity of Rizal System, Rodriguez
_d2018
520 _aThe study aimed to identify the attributes and management capability of Social Studies Head Teachers of District II of Quezon City, during the School Year 2017-2018
650 0 _aSocial Studies-Head Teachers--Management capabilities of--Philippines--Quezon City..
942 _2lcc
_cT
999 _c11116
_d11116